Japan's dark side to progress : (Record no. 3807)

000 -LEADER
fixed length control field 00965nam a2200253 a 4500
003 - CONTROL NUMBER IDENTIFIER
control field ALUPE UNIVERSITY
005 - DATE AND TIME OF LATEST TRANSACTION
control field 20220211105302.0
008 - FIXED-LENGTH DATA ELEMENTS--GENERAL INFORMATION
fixed length control field 920603s1991 ja 000 0 eng
020 ## - INTERNATIONAL STANDARD BOOK NUMBER
International Standard Book Number 537588627
040 ## - CATALOGING SOURCE
Transcribing agency ALUPE UNIVERSITY
043 ## - GEOGRAPHIC AREA CODE
Geographic area code a-ja---
050 00 - LIBRARY OF CONGRESS CALL NUMBER
Classification number KNX846.5
Item number .G68 1991
100 1# - MAIN ENTRY--PERSONAL NAME
Personal name Gotō, Takanori,
Dates associated with a name 1938-
245 10 - TITLE STATEMENT
Title Japan's dark side to progress :
Remainder of title the struggle for justice for pharmaceutical victims of Japan's post war economic boom /
Statement of responsibility, etc. by Takanori Goto.
250 ## - EDITION STATEMENT
Edition statement 1st ed.
260 ## - PUBLICATION, DISTRIBUTION, ETC.
Place of publication, distribution, etc. Chiba, Japan :
Name of publisher, distributor, etc. Manbousha ;
Place of publication, distribution, etc. Tokyo :
Name of publisher, distributor, etc. Sales agent, Shinsensha,
Date of publication, distribution, etc. c1991.
300 ## - PHYSICAL DESCRIPTION
Extent xiii, 180 p. ;
Dimensions 19 cm.
500 ## - GENERAL NOTE
General note Adaptation of: Kusuri no hanzai. 1988.
650 #0 - SUBJECT ADDED ENTRY--TOPICAL TERM
Topical term or geographic name entry element Products liability
General subdivision Drugs
Geographic subdivision Japan.
650 #0 - SUBJECT ADDED ENTRY--TOPICAL TERM
Topical term or geographic name entry element Chloroquine
General subdivision Toxicology
Geographic subdivision Japan.
906 ## - LOCAL DATA ELEMENT F, LDF (RLIN)
a 7
b cbc
c orignew
d 3
e ncip
f 19
g y-gencatlg
942 ## - ADDED ENTRY ELEMENTS (KOHA)
Source of classification or shelving scheme
Koha item type Book
Suppress in OPAC WO
Holdings
Withdrawn status Lost status Source of classification or shelving scheme Damaged status Not for loan Permanent Location Current Location Shelving location Date acquired Source of acquisition Total Checkouts Full call number Barcode Date last seen Price effective from Koha item type Public note
          AU LIBRARY AU LIBRARY Open Shelf 11.02.2022 DONATION FROM MOI UNIVERSITY   KNX846 .G68 1991 28003850 11.02.2022 11.02.2022 Book WO

Powered by Koha